000 00868cam a22002897a 4500
003 CHAP
005 20220329140832.0
008 971013s r 00010 d
010 _a58379
011 _a59351
035 _a63509
040 _cCHAP
090 _aR-2177
100 0 0 _aStudlar, Susan Moyle.
_9110090
245 0 _aMorphology of the urban moss, Tortulapagorum in sterile culture
500 _aSobretiro de: Journ. Hattori Bot. Lab. No. 56:351-368, 1984
590 _aBATCH-UPD
_b10
_c20130110
_lUCH01
_h0124
590 _aBATCH-UPD
_b10
_c20130110
_lUCH01
_h0815
590 _aCONVERSION
_b10
_c20130109
_lUCH01
_h1331
650 1 4 _aMusgos.
_979880
650 1 4 _aTortula.
_9114335
700 0 _aCaponetti, James D.
_918718
700 0 _aSharp, Aaron J.
_9105517
901 _aBK
942 _cREIMP
949 _aR-2177
_bBC
_cR
_d-136460
_eTS1
_i63509
_si
999 _c58379
_d58379